Non-Riemannian geometry /

Guardado en:
Autor Principal: Eisenhart, Luther Pfahler, 1876-1965.
Formato: Libro
Idioma:English
Publicado: New York : American Mathematical Society, 1927.
Series:Colloquium publications (American Mathematical Society) ; v. 8
Materias:
Etiquetas: Agregar Etiqueta
Sin Etiquetas, Sea el primero en etiquetar este registro!
LEADER 01217cam a22002535a 4500
001 MAT.inmabb002980
008 721226s1927####nyu######b####000#0#eng##
005 20130325141231.0
245 1 0 |a Non-Riemannian geometry /  |c by Luther Pfahler Eisenhart. 
260 |a New York :  |b American Mathematical Society,  |c 1927. 
300 |a vii, 184 p. ;  |c 24 cm. 
490 1 |a American Mathematical Society. Colloquium publications ;  |v v. 8 
500 |a "This book contains with subsequent developments, the material presented in my lectures at the Ithaca Colloquium, in September 1925, under the title The new differential geometry."--Preface. 
504 |a Bibliografía: p. 181-184. 
505 8 |a 1. Asymmetric connections -- 2. Symmetric connections -- 3. Projective geometry of paths -- 4. The geometry of sub-spaces. 
510 4 |a MR,  |c 98j:53001  |3 (de una reimpr. posterior) 
020 |a 0821810081 
100 1 |a Eisenhart, Luther Pfahler,  |d 1876-1965. 
830 0 |a Colloquium publications (American Mathematical Society) ;  |v v. 8 
650 0 |a Geometry, Differential. 
084 |a 53-01 (01A75 53A20 53B05 53B40)  |2 msc2000 
010 |a  28028413  
040 |a DLC  |c ODaWU  |d OCoLC  |d DLC 
859 |h 53  |i Ei36  |p A-4726  |b BIB. MATEMATICA